[Event "4NCL/Div4/NOTT2 vs. GLOSG"]
[Site "Birmingham ENG"]
[Date "2006.09.23"]
[Round "1.1"]
[White "Wright, Antony J"]
[Black "Hosken, Nigel"]
[Result "1-0"]
[WhiteElo "2020"]
[BlackElo "2008"]
[PlyCount "115"]
[EventDate "2006.09.23"]
[EventType "team"]
[EventRounds "11"]
[EventCountry "ENG"]
[WhiteTeam "Notts 2"]
[BlackTeam "Glos Gambits"]

1. d4 d5 2. Bf4 Nf6 3. Nf3 c6 4. c3 Bf5 5. Nbd2 e6 6. e3 Bd6 7. Ne5 O-O 8. Be2
Ne8 9. g4 Bg6 10. h4 f6 11. Nxg6 hxg6 12. Bxd6 Qxd6 13. Qc2 f5 14. g5 Nd7 15.
f4 Kf7 16. h5 gxh5 17. Rxh5 g6 18. Rh7+ Ng7 19. O-O-O Rh8 20. Rdh1 Rxh7 21.
Rxh7 Rg8 22. Qd1 c5 23. Qf1 a6 24. Qf2 b5 25. Kb1 c4 26. Qh2 b4 27. cxb4 Qxb4
28. Bd1 c3 29. Nf3 cxb2 30. Qxb2 Qd6 31. Qc3 Rb8+ 32. Bb3 Qb6 33. Rh2 Nh5 34.
Rc2 Ng3 35. Qc7 Ke8 36. Qxb6 Rxb6 37. Rc8+ Ke7 38. Nh4 Nf8 39. Kc2 Rb7 40. Ra8
Ne4 41. Rxa6 Rc7+ 42. Kb2 Nd2 43. Ra8 Nf1 44. Ng2 Nd7 45. Rh8 Nb6 46. Rh1 Nd2
47. Rh7+ Kd6 48. Rxc7 Kxc7 49. Kc2 Nf1 50. Kd3 Kd6 51. Nh4 Nc4 52. Bxc4 dxc4+
53. Kxc4 Nxe3+ 54. Kd3 Nd5 55. Nxg6 Nb4+ 56. Kc4 Nxa2 57. Ne5 Ke7 58. Nd3 1-0

[Event "4NCL/Div4/NOTT2 vs. GLOSG"]
[Site "Birmingham ENG"]
[Date "2006.09.23"]
[Round "1.2"]
[White "Ponter, Ian"]
[Black "Thompson, Brian"]
[Result "1/2-1/2"]
[WhiteElo "2048"]
[BlackElo "2000"]
[PlyCount "131"]
[EventDate "2006.09.23"]
[EventType "team"]
[EventRounds "11"]
[EventCountry "ENG"]
[WhiteTeam "Glos Gambits"]
[BlackTeam "Notts 2"]

1. e4 c5 2. Nf3 d6 3. d4 cxd4 4. Nxd4 Nf6 5. Nc3 g6 6. f4 Nc6 7. Nxc6 bxc6 8.
e5 Nd7 9. exd6 exd6 10. Be3 Nf6 11. Qd2 Bg7 12. O-O-O d5 13. Bc5 Be6 14. Bd3
Qa5 15. Ba3 d4 16. Ne4 Qxd2+ 17. Rxd2 Nxe4 18. Bxe4 Rc8 19. Bc5 Rc7 20. Bxd4
O-O 21. Bxg7 Kxg7 22. a3 Rb8 23. Rf1 Rcb7 24. c3 Bd5 25. Bxd5 cxd5 26. Rff2 Rb5
27. Rd4 Kf6 28. Rfd2 Ke6 29. b4 a5 30. a4 R5b7 31. b5 Rc8 32. Kb2 Rbc7 33. R2d3
Rc5 34. g4 Rc4 35. Kc2 Rxd4 36. Rxd4 Rc5 37. Kb3 Rc7 38. c4 dxc4+ 39. Rxc4 Rb7
40. Kc3 h5 41. gxh5 gxh5 42. Rc5 h4 43. Rh5 Rc7+ 44. Kb3 f6 45. Rxh4 Kf5 46.
Rh6 Rc1 47. Rh8 Kxf4 48. h4 f5 49. h5 Kg5 50. h6 Kg6 51. h7 Rc5 52. b6 Rc6 53.
Rb8 Kxh7 54. b7 Rb6+ 55. Kc3 Kg7 56. Kd3 f4 57. Ke4 Rb4+ 58. Kf3 Kh7 59. Ra8
Rxb7 60. Rxa5 Rb4 61. Kg4 Kg7 62. Ra7+ Kf6 63. a5 Ra4 64. a6 Ke6 65. Rh7 Kd6
66. a7 1/2-1/2

[Event "4NCL/Div4/NOTT2 vs. GLOSG"]
[Site "Birmingham ENG"]
[Date "2006.09.23"]
[Round "1.3"]
[White "Kingston, Ian"]
[Black "Dodwell, Phil"]
[Result "1/2-1/2"]
[WhiteElo "1965"]
[BlackElo "2065"]
[PlyCount "48"]
[EventDate "2006.09.23"]
[EventType "team"]
[EventRounds "11"]
[EventCountry "ENG"]
[WhiteTeam "Notts 2"]
[BlackTeam "Glos Gambits"]

1. e4 e5 2. Nf3 Nc6 3. Nc3 Nf6 4. d4 exd4 5. Nxd4 Bb4 6. Nxc6 bxc6 7. Bd3 d5 8.
exd5 cxd5 9. O-O O-O 10. Bg5 c6 11. Qf3 Bd6 12. Rfe1 Rb8 13. Rab1 h6 14. Bxf6
Qxf6 15. Qxf6 gxf6 16. Ne2 Bd7 17. Ng3 Bxg3 18. fxg3 c5 19. b3 Rfe8 20. Rf1 Rb6
21. Rf2 Re5 22. Rbf1 Kg7 23. Rf4 Rd6 24. h3 Rb6 1/2-1/2

[Event "4NCL/Div4/NOTT2 vs. GLOSG"]
[Site "Birmingham ENG"]
[Date "2006.09.23"]
[Round "1.4"]
[White "Martin, Peter"]
[Black "Hill, Maurice J"]
[Result "1/2-1/2"]
[WhiteElo "2055"]
[BlackElo "1910"]
[PlyCount "58"]
[EventDate "2006.09.23"]
[EventType "team"]
[EventRounds "11"]
[EventCountry "ENG"]
[WhiteTeam "Glos Gambits"]
[BlackTeam "Notts 2"]

1. d4 Nf6 2. Nf3 e6 3. Bg5 h6 4. Bh4 c5 5. c3 b6 6. e3 Be7 7. Nbd2 Bb7 8. Bd3
Nc6 9. O-O O-O 10. Ne5 d6 11. Bxf6 Bxf6 12. Ng4 Rc8 13. f4 Re8 14. Nxf6+ Qxf6
15. Qh5 cxd4 16. Ne4 Qe7 17. exd4 f5 18. Nd2 Nb8 19. Rae1 Qf8 20. Re3 Ba6 21.
c4 Qf6 22. Nf3 Re7 23. Rfe1 Bxc4 24. Bxf5 Rce8 25. Bg6 Rf8 26. f5 Nc6 27. h4
exf5 28. b3 Rxe3 29. Rxe3 Bf7 1/2-1/2

[Event "4NCL/Div4/NOTT2 vs. GLOSG"]
[Site "Birmingham ENG"]
[Date "2006.09.23"]
[Round "1.5"]
[White "Graham, Neil"]
[Black "Meade, Philip J"]
[Result "0-1"]
[WhiteElo "1915"]
[BlackElo "2050"]
[PlyCount "78"]
[EventDate "2006.09.23"]
[EventType "team"]
[EventRounds "11"]
[EventCountry "ENG"]
[WhiteTeam "Notts 2"]
[BlackTeam "Glos Gambits"]

1. d4 Nf6 2. f3 d5 3. e4 dxe4 4. Nc3 exf3 5. Nxf3 Bg4 6. h3 Bh5 7. g4 Bg6 8.
Ne5 Nbd7 9. Nxg6 hxg6 10. Qf3 c6 11. g5 Nh5 12. Be3 e6 13. O-O-O Be7 14. h4 Qa5
15. Bh3 Nb6 16. Rhf1 Rf8 17. d5 Nxd5 18. Nxd5 cxd5 19. Kb1 O-O-O 20. Rd3 Kb8
21. Bd2 Qa4 22. Bg4 Bd6 23. Bxh5 gxh5 24. Qxh5 Rc8 25. Bc3 g6 26. Qe2 Qxh4 27.
Bg7 Rfe8 28. Rxf7 Qc4 29. Rd2 Qxe2 30. Rxe2 Rc7 31. Ref2 Rxf7 32. Rxf7 Re7 33.
Rf8+ Kc7 34. Rg8 e5 35. c3 e4 36. Bf6 Rh7 37. Rxg6 e3 38. Kc1 Rh1+ 39. Kc2 e2
0-1

[Event "4NCL/Div4/NOTT2 vs. GLOSG"]
[Site "Birmingham ENG"]
[Date "2006.09.23"]
[Round "1.6"]
[White "Taylor, Geoffrey P"]
[Black "Lakhani, Anjali"]
[Result "1-0"]
[WhiteElo "2052"]
[BlackElo "1830"]
[PlyCount "83"]
[EventDate "2006.09.23"]
[EventType "team"]
[EventRounds "11"]
[EventCountry "ENG"]
[WhiteTeam "Glos Gambits"]
[BlackTeam "Notts 2"]

1. e4 c5 2. Nf3 d6 3. d4 cxd4 4. Nxd4 Nf6 5. Nc3 g6 6. Be2 Bg7 7. Be3 Nc6 8.
Nb3 O-O 9. O-O Bd7 10. f4 Qc8 11. Kh1 a6 12. Nd2 Ng4 13. Bg1 b5 14. Nd5 Rb8 15.
c3 Nf6 16. Nb6 Qc7 17. Nxd7 Qxd7 18. Bf3 Rfd8 19. Qe2 b4 20. Qxa6 Ra8 21. Qd3
bxc3 22. bxc3 Rac8 23. Nb3 Qc7 24. Qa6 Nb8 25. Qe2 Qxc3 26. e5 dxe5 27. fxe5
Nfd7 28. e6 fxe6 29. Qxe6+ Kh8 30. Bb7 Nf8 31. Qxe7 Rd7 32. Qe4 Rc4 33. Qe8 Qb4
34. Qxb8 Rxb7 35. Qe8 Rb8 36. Qe1 Bxa1 37. Qxa1+ Kg8 38. Qf6 Qb7 39. Bd4 Rxd4
40. Nxd4 Qg7 41. Qd6 Ra8 42. Qd5+ 1-0

[Event "4NCL/Div4/SUTC vs. CONQ1"]
[Site "Birmingham ENG"]
[Date "2006.09.23"]
[Round "1.1"]
[White "Addis, Mark"]
[Black "Foster, James C"]
[Result "0-1"]
[WhiteElo "2060"]
[BlackElo "1939"]
[PlyCount "80"]
[EventDate "2006.09.23"]
[EventType "team"]
[EventRounds "11"]
[EventCountry "ENG"]
[WhiteTeam "Sutton Coldfield"]
[BlackTeam "Conquistadors 1"]

1. d4 d5 2. c4 e6 3. Nc3 c5 4. cxd5 exd5 5. Nf3 Nc6 6. g3 Nf6 7. Bg2 Be7 8. O-O
O-O 9. Bg5 cxd4 10. Nxd4 h6 11. Be3 Re8 12. Rc1 Ne5 13. Ncb5 Nc4 14. Bf4 g5 15.
Nc7 gxf4 16. Nxa8 fxg3 17. hxg3 Qa5 18. b3 Nd2 19. Nc7 Rd8 20. Re1 Nde4 21. Qd3
Bc5 22. Ncb5 a6 23. a3 axb5 24. b4 Bxb4 25. axb4 Qxb4 26. Rb1 Qa5 27. Qxb5 Qd2
28. Qb6 Rd6 29. Qb4 Qg5 30. Rbc1 Bd7 31. Qxb7 Kg7 32. Qb2 Nxf2 33. Kxf2 Ng4+
34. Kf1 Rf6+ 35. Bf3 Qe3 36. Nf5+ Bxf5 37. Bxg4 Bxg4+ 38. Kg2 Qf2+ 39. Kh1 Bf3+
40. exf3 Qxb2 0-1

[Event "4NCL/Div4/SUTC vs. CONQ1"]
[Site "Birmingham ENG"]
[Date "2006.09.23"]
[Round "1.2"]
[White "Davy, John"]
[Black "Escott, Keith"]
[Result "1/2-1/2"]
[WhiteElo "1950"]
[BlackElo "2065"]
[PlyCount "71"]
[EventDate "2006.09.23"]
[EventType "team"]
[EventRounds "11"]
[EventCountry "ENG"]
[WhiteTeam "Conquistadors 1"]
[BlackTeam "Sutton Coldfield"]

1. c4 e5 2. Nc3 Nc6 3. g3 g6 4. Bg2 Bg7 5. Nf3 f5 6. d3 d6 7. O-O Nf6 8. Rb1
O-O 9. b4 h6 10. a4 g5 11. a5 a6 12. Qb3 f4 13. h3 Kh8 14. e3 fxg3 15. fxg3 e4
16. dxe4 Bd7 17. Bb2 g4 18. Nh4 gxh3 19. Ng6+ Kg8 20. Nxf8 hxg2 21. Rxf6 Bxf6
22. Nxd7 Qxd7 23. Kxg2 Qe6 24. Rf1 Bxc3 25. Qxc3 Qxe4+ 26. Kh2 Ne5 27. Rf4 Qd3
28. Qxd3 Nxd3 29. Rg4+ Kf8 30. Bg7+ Kf7 31. Bc3 Rg8 32. Rxg8 Kxg8 33. Kg2 Kf7
34. Kf3 Ne5+ 35. Bxe5 dxe5 36. b5 1/2-1/2

[Event "4NCL/Div4/SUTC vs. CONQ1"]
[Site "Birmingham ENG"]
[Date "2006.09.23"]
[Round "1.3"]
[White "Soszynski, Marek"]
[Black "Cork, David J"]
[Result "1/2-1/2"]
[WhiteElo "1900"]
[BlackElo "1960"]
[PlyCount "104"]
[EventDate "2006.09.23"]
[EventType "team"]
[EventRounds "11"]
[EventCountry "ENG"]
[WhiteTeam "Sutton Coldfield"]
[BlackTeam "Conquistadors 1"]

1. Nf3 Nf6 2. c4 c6 3. g3 d5 4. b3 dxc4 5. bxc4 g6 6. Bg2 Bg7 7. Bb2 O-O 8. O-O
Bf5 9. d3 Qc8 10. Re1 Bh3 11. Bh1 Qc7 12. Nbd2 Nbd7 13. Ng5 Bg4 14. Qb3 Nc5 15.
Qb4 Na6 16. Qa4 Nc5 17. Qb4 Qd6 18. d4 Na6 19. Qb3 Rab8 20. e4 Nd7 21. e5 Qb4
22. Bc3 Qb6 23. h3 Bf5 24. g4 f6 25. gxf5 fxg5 26. f6 exf6 27. e6 Qxb3 28. axb3
Nb6 29. Ne4 Nc8 30. d5 cxd5 31. cxd5 Nc7 32. e7 Nxe7 33. d6 Ned5 34. dxc7 Rbc8
35. Rad1 Nxc3 36. Nxc3 Rxc7 37. Nd5 Rc2 38. Re7 Rf7 39. Re8+ Rf8 40. Rxf8+ Kxf8
41. Ne3 Rc3 42. Bd5 f5 43. Bc4 b5 44. Bxb5 Rxb3 45. Rd8+ Ke7 46. Rd7+ Kf8 47.
Ba4 Ra3 48. Rxa7 Bd4 49. Ra8+ Kg7 50. Nc2 Rd3 51. Nxd4 Rxd4 52. Kg2 Rd6 1/2-1/2

[Event "4NCL/Div4/SUTC vs. CONQ1"]
[Site "Birmingham ENG"]
[Date "2006.09.23"]
[Round "1.5"]
[White "Burgess, Thomas"]
[Black "Auckland, Elliot"]
[Result "1/2-1/2"]
[WhiteElo "1835"]
[BlackElo "1855"]
[PlyCount "132"]
[EventDate "2006.09.23"]
[EventType "team"]
[EventRounds "11"]
[EventCountry "ENG"]
[WhiteTeam "Sutton Coldfield"]
[BlackTeam "Conquistadors 1"]

1. e4 c5 2. Nc3 a6 3. Nf3 e6 4. d4 cxd4 5. Nxd4 Bc5 6. Nb3 Ba7 7. Be2 Nc6 8.
Bf4 Qf6 9. Bg3 b5 10. e5 Qe7 11. Qd2 Nh6 12. Bf3 Nf5 13. Bf4 Rb8 14. Rd1 Ncd4
15. Nxd4 Nxd4 16. Be4 b4 17. Ne2 Nb5 18. Be3 Bxe3 19. Qxe3 f5 20. exf6 Qxf6 21.
Qg3 Rb6 22. Qe3 Rd6 23. Rxd6 Nxd6 24. O-O O-O 25. c3 Nc4 26. Bxh7+ Kh8 27. Qh3
Qh6 28. Qxh6 gxh6 29. Bc2 Rg8 30. cxb4 Bb7 31. g3 Nd2 32. Rd1 Nf3+ 33. Kf1
Nxh2+ 34. Kg1 Nf3+ 35. Kf1 Rc8 36. Ba4 Nh2+ 37. Kg1 Nf3+ 38. Kf1 Nh2+ 39. Kg1
Nf3+ 40. Kg2 Rc4 41. Kf1 Rxb4 42. Bxd7 Rxb2 43. Nd4 Nxd4 44. Rxd4 Bf3 45. Ke1
Re2+ 46. Kf1 Rxa2 47. Ke1 Ra1+ 48. Kd2 Rd1+ 49. Ke3 Rxd4 50. Kxd4 Bd5 51. Kc5
Kg7 52. Kd4 Kf6 53. Bc8 a5 54. Bd7 Bb3 55. Kc3 a4 56. g4 Bd1 57. Bc6 Bxg4 58.
Bxa4 Bf3 59. Kd4 e5+ 60. Ke3 e4 61. Kf4 h5 62. Bd7 Bg4 63. Be8 Bf3 64. Bxh5
Bxh5 65. Kxe4 Bf7 66. Kf4 Ba2 1/2-1/2

[Event "4NCL/Div4/WWKS2 vs. KSP"]
[Site "Birmingham ENG"]
[Date "2006.09.23"]
[Round "1.1"]
[White "Hynes, Anthony"]
[Black "Harley-Yeo, Gareth"]
[Result "1/2-1/2"]
[WhiteElo "2248"]
[BlackElo "2087"]
[PlyCount "26"]
[EventDate "2006.09.23"]
[EventType "team"]
[EventRounds "11"]
[EventCountry "ENG"]
[WhiteTeam "Warks Select 2"]
[BlackTeam "King supp Pawn"]

1. e4 c5 2. Nf3 b6 3. d4 cxd4 4. Nxd4 Bb7 5. Nc3 a6 6. Be3 e6 7. Bd3 Qc7 8. O-O
Nf6 9. f4 d6 10. g4 g6 11. f5 gxf5 12. gxf5 e5 13. Nf3 Nbd7 1/2-1/2

[Event "4NCL/Div4/WWKS2 vs. KSP"]
[Site "Birmingham ENG"]
[Date "2006.09.23"]
[Round "1.2"]
[White "Davies, Matthew"]
[Black "Hunt, Malcolm A"]
[Result "0-1"]
[WhiteElo "1960"]
[BlackElo "2089"]
[PlyCount "156"]
[EventDate "2006.09.23"]
[EventType "team"]
[EventRounds "11"]
[EventCountry "ENG"]
[WhiteTeam "King supp Pawn"]
[BlackTeam "Warks Select 2"]

1. e4 e5 2. Nf3 Nc6 3. Bb5 Nf6 4. O-O Nxe4 5. Bxc6 dxc6 6. Nxe5 Be7 7. d4 O-O
8. Bf4 f6 9. Nf3 Bg4 10. c3 Bd6 11. Bg3 Qd7 12. Qd3 Rfe8 13. Nbd2 Nxd2 14. Qxd2
Bxf3 15. gxf3 Re7 16. Rfe1 Rae8 17. Re3 Bxg3 18. hxg3 Rxe3 19. fxe3 Qh3 20. Qe1
f5 21. Qf2 Re6 22. Qg2 Qxg2+ 23. Kxg2 Rxe3 24. Kf2 Re7 25. a4 Kf7 26. a5 Ke6
27. c4 Kd6 28. b4 h5 29. Rb1 g6 30. Rh1 b5 31. Rc1 a6 32. Rc2 Rh7 33. Kg2 h4
34. cxb5 cxb5 35. Rc5 hxg3 36. Kxg3 c6 37. Re5 Re7 38. f4 Rh7 39. Re8 Rh1 40.
Ra8 Rb1 41. Rxa6 Rxb4 42. Ra8 Kc7 43. Ra7+ Kc8 44. Rg7 Rxd4 45. Rxg6 Kb7 46.
a6+ Kb6 47. Rf6 Ra4 48. Rxf5 b4 49. Rf8 Rxa6 50. Kf3 Kc5 51. Ke3 Kc4 52. f5 c5
53. f6 b3 54. f7 Ra7 55. Kd2 Rb7 56. Kc1 Kb4 57. Kb2 c4 58. Rc8 Rxf7 59. Rb8+
Kc5 60. Rc8+ Kb5 61. Rb8+ Kc6 62. Kc3 Rb7 63. Rc8+ Kd7 64. Rh8 Rb6 65. Rh2 Kc6
66. Rh6+ Kb7 67. Rh7+ Ka6 68. Rh1 Rc6 69. Rh5 Kb6 70. Rh1 Kb5 71. Rh8 Rc5 72.
Rh1 Rg5 73. Rh8 Rg3+ 74. Kb2 Rg2+ 75. Kb1 c3 76. Rb8+ Kc4 77. Rc8+ Kd4 78. Rd8+
Ke5 0-1

[Event "4NCL/Div4/WWKS2 vs. KSP"]
[Site "Birmingham ENG"]
[Date "2006.09.23"]
[Round "1.3"]
[White "Cooper, David M"]
[Black "Healey, Michael"]
[Result "1-0"]
[WhiteElo "2075"]
[BlackElo "2023"]
[PlyCount "105"]
[EventDate "2006.09.23"]
[EventType "team"]
[EventRounds "11"]
[EventCountry "ENG"]
[WhiteTeam "Warks Select 2"]
[BlackTeam "King supp Pawn"]

1. e4 e5 2. Nf3 Nc6 3. d4 exd4 4. Nxd4 Bc5 5. Be3 Qf6 6. c3 Nge7 7. Bc4 Ne5 8.
Be2 g5 9. O-O g4 10. Nb5 Bxe3 11. fxe3 Qb6 12. Qd4 d6 13. Qxb6 cxb6 14. Nc7+
Kd8 15. Nxa8 Bd7 16. Nd2 Be6 17. Nb3 Kd7 18. Nxb6+ axb6 19. Nd4 Ra8 20. b3 d5
21. Bb5+ N7c6 22. Rfd1 Ke7 23. Nxc6+ bxc6 24. Bxc6 Nxc6 25. exd5 Bd7 26. dxc6
Bxc6 27. Rd2 Ra5 28. c4 g3 29. hxg3 Rg5 30. Kf2 Rf5+ 31. Ke2 Bxg2 32. Kd3 Bf1+
33. Ke4 Rf6 34. Rad1 Bh3 35. Kd4 Bg4 36. Rg1 h5 37. b4 Rd6+ 38. Kc3 Re6 39. c5
b5 40. Re1 Ra6 41. Kd4 Ra4 42. Rb2 Be6 43. Rc1 Ra3 44. Rc3 Ra8 45. e4 Bxa2 46.
c6 Bc4 47. Rxc4 bxc4 48. Kxc4 Kd6 49. b5 Rg8 50. Rb3 Kc7 51. Kd5 Rg5+ 52. Kd4
f6 53. b6+ 1-0

[Event "4NCL/Div4/WWKS2 vs. KSP"]
[Site "Birmingham ENG"]
[Date "2006.09.23"]
[Round "1.4"]
[White "Spencer, Doug"]
[Black "Gordon, Callum"]
[Result "0-1"]
[WhiteElo "1970"]
[BlackElo "2035"]
[PlyCount "64"]
[EventDate "2006.09.23"]
[EventType "team"]
[EventRounds "11"]
[EventCountry "ENG"]
[WhiteTeam "King supp Pawn"]
[BlackTeam "Warks Select 2"]

1. d4 Nf6 2. c4 c5 3. d5 e6 4. Nc3 exd5 5. cxd5 d6 6. e4 g6 7. Nf3 a6 8. a4 Bg4
9. Bg5 Bg7 10. Bd3 O-O 11. O-O Re8 12. h3 Bxf3 13. Qxf3 Nbd7 14. Qf4 Qb6 15.
Qd2 c4 16. Bxc4 Nxe4 17. Nxe4 Rxe4 18. Qc2 Rae8 19. Rab1 Qc5 20. Bd3 R4e5 21.
Be3 Qxd5 22. Bc4 Qc6 23. Qb3 d5 24. Bd3 d4 25. Bf4 Nc5 26. Qc2 Nxd3 27. Qxd3
Re4 28. Bd2 Qxa4 29. Rbc1 Re2 30. Rc7 Qb5 31. Qxb5 axb5 32. Rd1 Rxd2 0-1

[Event "4NCL/Div4/WWKS2 vs. KSP"]
[Site "Birmingham ENG"]
[Date "2006.09.23"]
[Round "1.5"]
[White "Malik, Kaiser"]
[Black "Carpenter, Dai"]
[Result "1/2-1/2"]
[WhiteElo "1990"]
[BlackElo "2030"]
[PlyCount "71"]
[EventDate "2006.09.23"]
[EventType "team"]
[EventRounds "11"]
[EventCountry "ENG"]
[WhiteTeam "Warks Select 2"]
[BlackTeam "King supp Pawn"]

1. e4 d5 2. exd5 Qxd5 3. Nc3 Qa5 4. Bc4 Nf6 5. Nf3 Bg4 6. d3 e6 7. h3 Bxf3 8.
Qxf3 c6 9. O-O Bd6 10. Re1 O-O 11. Bd2 Qc7 12. Bg5 Nbd7 13. Ne4 Nd5 14. Nxd6
Qxd6 15. d4 e5 16. Rad1 exd4 17. Bxd5 Qxd5 18. Qxd5 cxd5 19. Rxd4 Nb6 20. Re7
f6 21. Bf4 Rf7 22. Rxf7 Kxf7 23. a4 Ke6 24. Rb4 Rc8 25. b3 d4 26. Rxd4 Rxc2 27.
Be3 Nd5 28. Re4+ Kf5 29. Rg4 Nxe3 30. fxe3 g6 31. Rb4 b6 32. a5 bxa5 33. Rb5+
Ke4 34. Rxa5 Rc7 35. Kf2 Rb7 36. Ke2 1/2-1/2

[Event "4NCL/Div4/WWKS2 vs. KSP"]
[Site "Birmingham ENG"]
[Date "2006.09.23"]
[Round "1.6"]
[White "Parry, Matthew"]
[Black "Malik, Dani"]
[Result "0-1"]
[WhiteElo "1677"]
[BlackElo "1960"]
[PlyCount "74"]
[EventDate "2006.09.23"]
[EventType "team"]
[EventRounds "11"]
[EventCountry "ENG"]
[WhiteTeam "King supp Pawn"]
[BlackTeam "Warks Select 2"]

1. d4 d5 2. e3 Nf6 3. Nd2 g6 4. Bd3 Bg7 5. c3 O-O 6. Ngf3 c5 7. O-O Nc6 8. Re1
Bg4 9. h3 Bd7 10. e4 cxd4 11. cxd4 dxe4 12. Nxe4 Nd5 13. Bc4 Nb6 14. Bb3 e6 15.
Nc5 Qc7 16. Re4 e5 17. d5 Nd4 18. Nxd4 Qxc5 19. Nf3 Bf5 20. Re2 Qd6 21. g4 Bd7
22. Ng5 f5 23. Ne6 Bxe6 24. dxe6 Qe7 25. Be3 Kh8 26. Rc1 Rfd8 27. Rd2 Rxd2 28.
Qxd2 Rd8 29. Qa5 fxg4 30. hxg4 e4 31. Bxb6 axb6 32. Qa4 Qg5 33. Re1 Qxg4+ 34.
Kf1 Qh3+ 35. Kg1 Be5 36. Qxe4 Bh2+ 37. Kh1 Bg3+ 0-1

[Event "4NCL/Div4/OXF3 vs. CAMB2"]
[Site "Birmingham ENG"]
[Date "2006.09.23"]
[Round "1.1"]
[White "Burt, Will"]
[Black "Cooley, Oliver"]
[Result "1-0"]
[WhiteElo "2060"]
[BlackElo "2101"]
[PlyCount "81"]
[EventDate "2006.09.23"]
[EventType "team"]
[EventRounds "11"]
[EventCountry "ENG"]
[WhiteTeam "Oxford 3"]
[BlackTeam "Cambridge Uni 2 "]

1. e4 e5 2. f4 exf4 3. Bc4 Qh4+ 4. Kf1 Nc6 5. Nf3 Qg4 6. Nc3 Bc5 7. b4 Bxb4 8.
Nd5 Nf6 9. Nxb4 Nxb4 10. Bxf7+ Kd8 11. Ba3 a5 12. c3 Nc6 13. Qc2 b5 14. h3 Nd4
15. Nxd4 Qg5 16. Qd3 d6 17. Nf3 Qh6 18. e5 b4 19. Bb2 Nd7 20. c4 Nc5 21. Qd4
Rf8 22. Bd5 Ra7 23. Re1 Bf5 24. exd6 cxd6 25. Be6 Bd3+ 26. Kg1 Ra6 27. Re5 Nd7
28. Re1 Nc5 29. Bg4 a4 30. Kh2 a3 31. Ba1 g5 32. Re5 Nd7 33. Qxd3 Nxe5 34. Nxe5
Kc7 35. Nd7 Re8 36. Nf6 Rf8 37. Nd5+ Kb8 38. Rb1 Qh4 39. Rxb4+ Ka8 40. Nc7+ Ka7
41. Qd4+ 1-0

[Event "4NCL/Div4/OXF3 vs. CAMB2"]
[Site "Birmingham ENG"]
[Date "2006.09.23"]
[Round "1.2"]
[White "Gooding, Ian"]
[Black "Terry, Sean"]
[Result "1-0"]
[WhiteElo "2013"]
[BlackElo "2040"]
[PlyCount "67"]
[EventDate "2006.09.23"]
[EventType "team"]
[EventRounds "11"]
[EventCountry "ENG"]
[WhiteTeam "Cambridge Uni 2 "]
[BlackTeam "Oxford 3"]

1. e4 c5 2. Nf3 Na6 3. c3 Qa5 4. Na3 d6 5. Bb5+ Bd7 6. Bxd7+ Kxd7 7. Qb3 e6 8.
Qxb7+ Nc7 9. O-O Be7 10. d4 Nf6 11. Nc4 Qa6 12. Qxa6 Nxa6 13. e5 Nd5 14. Ne3
cxd4 15. Nxd5 exd5 16. cxd4 Rab8 17. b3 Rhc8 18. Rd1 Rc2 19. Ne1 Rc6 20. Ba3
dxe5 21. Bxe7 Kxe7 22. dxe5 Rd8 23. Rac1 Rxc1 24. Rxc1 Kd7 25. f4 d4 26. Nd3
Nc7 27. Rc4 Kc8 28. Kf2 Kb7 29. a4 f6 30. Ke2 fxe5 31. Nxe5 Ne6 32. g3 g6 33.
Kd3 Kb6 34. Rc6+ 1-0

[Event "4NCL/Div4/OXF3 vs. CAMB2"]
[Site "Birmingham ENG"]
[Date "2006.09.23"]
[Round "1.3"]
[White "Morris, Graham"]
[Black "Gallagher, Ian G"]
[Result "0-1"]
[WhiteElo "2035"]
[BlackElo "2005"]
[PlyCount "146"]
[EventDate "2006.09.23"]
[EventType "team"]
[EventRounds "11"]
[EventCountry "ENG"]
[WhiteTeam "Oxford 3"]
[BlackTeam "Cambridge Uni 2 "]

1. e4 e5 2. Nf3 Nc6 3. d4 exd4 4. Nxd4 Nf6 5. Nxc6 bxc6 6. e5 Qe7 7. Qe2 Nd5 8.
c4 Nb6 9. Nd2 g6 10. Qe4 Bg7 11. f4 O-O 12. Bd3 d5 13. Qe2 a5 14. O-O a4 15.
Kh1 Re8 16. Rb1 f6 17. cxd5 cxd5 18. Nf3 fxe5 19. Bb5 exf4 20. Qxe7 Rxe7 21.
Bxf4 Bf5 22. Rbc1 Ra5 23. Bc6 Bxb2 24. Rce1 Rxe1 25. Rxe1 Be4 26. Ng5 Rc5 27.
Bb7 Bf6 28. Nxe4 dxe4 29. Bxe4 Kg7 30. h3 Be5 31. Be3 Rc3 32. Bf3 Bf6 33. Bf4
Rc2 34. Re2 Rxe2 35. Bxe2 c6 36. Bd6 Nd5 37. Bf3 Kf7 38. Bxd5+ cxd5 39. Kg1 Ke6
40. Bb4 Kf5 41. Kf1 Ke4 42. Ke2 Bg5 43. Bc5 d4 44. Bb6 Bf4 45. Ba5 Be5 46. Bb6
Kf4 47. Kf2 h5 48. Bc5 g5 49. Bb6 g4 50. hxg4 Kxg4 51. Kf1 Kg3 52. Bc5 d3 53.
Bf2+ Kh2 54. Be3 Bc3 55. Bf4+ Kh1 56. g3 d2 57. Ke2 Kg2 58. Bd6 Kh3 59. Bc7 Kg4
60. Bd6 Kf5 61. Be7 Ke4 62. Bd8 Kf5 63. Be7 Be5 64. Kxd2 Bxg3 65. Kc3 Ke6 66.
Bg5 Bd6 67. Bh4 Kf5 68. Kc4 Kg4 69. Bd8 Bf4 70. Kb4 Bg5 71. Bb6 h4 72. Kxa4 h3
73. Bg1 Kg3 0-1

[Event "4NCL/Div4/OXF3 vs. CAMB2"]
[Site "Birmingham ENG"]
[Date "2006.09.23"]
[Round "1.4"]
[White "Kreuzer, Christopher"]
[Black "Chen, Ti"]
[Result "1-0"]
[WhiteElo "1990"]
[BlackElo "2010"]
[PlyCount "73"]
[EventDate "2006.09.23"]
[EventType "team"]
[EventRounds "11"]
[EventCountry "ENG"]
[WhiteTeam "Cambridge Uni 2 "]
[BlackTeam "Oxford 3"]

1. e4 e6 2. d4 d5 3. exd5 exd5 4. c4 c6 5. Nc3 Nf6 6. Bg5 Be7 7. Bd3 Be6 8. Qb3
b6 9. Nf3 Nbd7 10. O-O O-O 11. Rfe1 Rc8 12. Ne5 h6 13. Bh4 dxc4 14. Bxc4 Bxc4
15. Qxc4 b5 16. Qb3 Nb6 17. Ng6 Re8 18. Rxe7 Rxe7 19. Bxf6 gxf6 20. Nxe7+ Qxe7
21. Qd1 Re8 22. Qg4+ Kh8 23. h3 b4 24. Nd1 Qe1+ 25. Kh2 Re4 26. Qf3 Re6 27. Qf4
Kg7 28. Ne3 Qxa1 29. Nf5+ Kf8 30. Qb8+ Nc8 31. Qxc8+ Re8 32. Qxc6 Re6 33. Qc5+
Kg8 34. Qc8+ Kh7 35. Qf8 Kg6 36. Qg7+ Kxf5 37. Qg4# 1-0

[Event "4NCL/Div4/OXF3 vs. CAMB2"]
[Site "Birmingham ENG"]
[Date "2006.09.23"]
[Round "1.5"]
[White "Zhang, Marco"]
[Black "Campbell, Mark"]
[Result "1/2-1/2"]
[WhiteElo "1890"]
[BlackElo "1975"]
[PlyCount "113"]
[EventDate "2006.09.23"]
[EventType "team"]
[EventRounds "11"]
[EventCountry "ENG"]
[WhiteTeam "Oxford 3"]
[BlackTeam "Cambridge Uni 2 "]

1. e4 c5 2. d4 cxd4 3. c3 dxc3 4. Nxc3 Nc6 5. Nf3 d6 6. Bc4 a6 7. O-O Nf6 8.
Qe2 Bg4 9. Qd3 Bxf3 10. Qxf3 Ne5 11. Qe2 Nxc4 12. Qxc4 e6 13. Qb3 Qb8 14. Bf4
Be7 15. Rfe1 Nd7 16. Rad1 b5 17. Re2 O-O 18. Qb4 Nc5 19. Red2 a5 20. Qxb5 Qxb5
21. Nxb5 Nxe4 22. Rc2 d5 23. Rc7 Bc5 24. Be3 Bxe3 25. fxe3 Rfc8 26. Rdc1 Rxc7
27. Rxc7 a4 28. Nc3 Nxc3 29. Rxc3 g5 30. Kf2 Rb8 31. b3 axb3 32. axb3 Kg7 33.
g4 Rb4 34. h3 Kg6 35. Kf3 h5 36. Kg3 hxg4 37. hxg4 f5 38. gxf5+ Kxf5 39. Kf3 e5
40. Rc5 g4+ 41. Kf2 Ke4 42. Rc3 Rb8 43. Kg3 Rg8 44. b4 d4 45. exd4 exd4 46. Rc7
d3 47. Re7+ Kd4 48. Rd7+ Kc3 49. b5 d2 50. b6 Rb8 51. Rc7+ Kd3 52. Rd7+ Ke2 53.
Re7+ Kd1 54. b7 Kc1 55. Rc7+ Kb1 56. Rd7 Kc2 57. Rc7+ 1/2-1/2

[Event "4NCL/Div4/OXF3 vs. CAMB2"]
[Site "Birmingham ENG"]
[Date "2006.09.23"]
[Round "1.6"]
[White "Gibbs, Dominic"]
[Black "Henbest, Kevin B"]
[Result "1-0"]
[WhiteElo "1964"]
[BlackElo "1800"]
[PlyCount "87"]
[EventDate "2006.09.23"]
[EventType "team"]
[EventRounds "11"]
[EventCountry "ENG"]
[WhiteTeam "Cambridge Uni 2 "]
[BlackTeam "Oxford 3"]

1. e4 c5 2. c3 Nf6 3. e5 Nd5 4. Nf3 Nc6 5. Bc4 Nb6 6. Bb3 e6 7. O-O d5 8. d4
Be7 9. Be3 cxd4 10. cxd4 O-O 11. Nc3 Na5 12. Bc2 Nac4 13. Qd3 g6 14. Bc1 Bd7
15. g3 Rc8 16. h4 f5 17. Rb1 a6 18. Bh6 Re8 19. Rfc1 Bf8 20. Bxf8 Rxf8 21. Kg2
Kg7 22. Bd1 Qe7 23. Nd2 f4 24. Nf3 fxg3 25. fxg3 Rf5 26. Be2 Rcf8 27. Rf1 h6
28. Nd1 Bb5 29. Ne3 Nxe3+ 30. Qxe3 Nc4 31. Qc3 Rc8 32. b3 Ne3+ 33. Qxe3 Rc2 34.
Rf2 Rxa2 35. Bxb5 Rxf2+ 36. Qxf2 axb5 37. Qe3 Qa3 38. Qc3 b4 39. Qb2 Qa6 40.
Qd2 Qb5 41. Rc1 Rf7 42. Nh2 Rf5 43. Rc7+ Kg8 44. Qxh6 1-0